Contaminated land risk assessment (Record no. 107460)

MARC details
000 -LEADER
fixed length control field 01247cpm a22002535a 4500
001 - CONTROL NUMBER
control field L140257
008 - FIXED-LENGTH DATA ELEMENTS--GENERAL INFORMATION
fixed length control field 070913s2001 xxk f 000 0 eng d
020 ## - INTERNATIONAL STANDARD BOOK NUMBER
International Standard Book Number 0860175529
035 ## - SYSTEM CONTROL NUMBER
System control number (Sirsi) u140257
041 0# - LANGUAGE CODE
Language code of text/sound track or separate title eng
050 04 - LIBRARY OF CONGRESS CALL NUMBER
Classification number 333.73 $2 18
100 1# - MAIN ENTRY--PERSONAL NAME
Personal name Rudland, D.J.
245 00 - TITLE STATEMENT
Title Contaminated land risk assessment
Remainder of title training pack
260 ## - PUBLICATION, DISTRIBUTION, ETC.
Place of publication, distribution, etc. CIRIA
Name of publisher, distributor, etc. London
Date of publication, distribution, etc. 2001
300 ## - PHYSICAL DESCRIPTION
Extent 158p.
Dimensions 230cm.
Accompanying material 1 computer disk
490 #0 - SERIES STATEMENT
Series statement CIRIA
Volume/sequential designation C552
505 2# - FORMATTED CONTENTS NOTE
Formatted contents note One book (Contaminated land risk assessment: a guide to good practice) -- One instruction booklet -- Seven modules in four pamphlets -- 4 sets of delegates notes -- one powerpoint presentation on a single floppy disk
520 ## - SUMMARY, ETC.
Summary, etc. Explores how risk assessment can lead to a number of benefits. Explains health and safety regulations and shows how risk assessment can reduce risks, cost savings and the avoidance of regulatory action. Explains how to start the risk assessment process, how information on contaminated sites is collected and evaluated to determine the importance of the risk.
651 #4 - SUBJECT ADDED ENTRY--GEOGRAPHIC NAME
Geographic name England and Wales
Chronological subdivision 1543-
690 ## - LOCAL SUBJECT ADDED ENTRY--TOPICAL TERM (OCLC, RLIN)
Topical term or geographic name as entry element PROPERTY-RURAL AND NATURAL ASSETS-LAND-CONTAMINATED LAND
700 1# - ADDED ENTRY--PERSONAL NAME
Personal name Lancefield, R.M.
700 1# - ADDED ENTRY--PERSONAL NAME
Personal name Mayell, P.N.
942 ## - ADDED ENTRY ELEMENTS (KOHA)
Suppress in OPAC 0
Holdings
Withdrawn status Lost status Source of classification or shelving scheme Damaged status Not for loan Home library Current library Shelving location Date acquired Total Checkouts Full call number Barcode Date last seen Copy number Price effective from Koha item type
    Dewey Decimal Classification     London London Folio 13/09/2007   F333.73 RUD 30071112 06/08/2019 1 06/08/2019 Book